000 00905nam a2200301 a 4500
003 PILC
005 20150929154341.0
008 060727s19uu xx 00 eng d
020 _a9781582559940
050 _aRT 41
_b.T46 2007
100 _aSmeltzer, Suzanne C.
245 _aBrunner & Suddarth's textbook of medical-surgical nursing /
_bSuzanne C. Smeltzer, Brenda G. Bare, Janice L. Hinkle, Kerry H. Cheever.
250 _a11th edition.
260 _aU.S.A :
_bLippincott Williams & Wilkins,
_c2004.
300 _a2 volumes :
_bcolor illustrations ;
_c26 cm.
500 _aIncludes index.
650 _aNursing books.
650 _aSurgical nursing.
650 _aNursing care.
700 _aBare, Brenda G.
700 _aand more than 50 contributors
942 _cBK
_2lcc
_kFOR
999 _c288775
_d288775